000
00227nam a2200097Ia 4500
008
190216s9999||||xx |||||||||||||| ||und||
100
_a
Rivers P H
245
0
_a
Collions Guide To Letter Writing
260
_b
Collins
942
_c
BK
999
_c
15179
_d
15179